000 00708nam a2200217 a 4500
005 20191224041541.0
008 140221b1993 ck ||||| |||| 00| 0 spa d
040 _aCO-BoIAVH
_cCO-BoIAVH
041 _aspa
044 _ack
082 _a580.9861
_bM75r
100 1 _aDíaz Piedrahita, Santiago
_947169
245 _aRevisión de las tribus Barnadesieae y Mutisieae (Asteraceae) para la
_bFlora de Colombia
260 _aBogotá
_bJardín Botánico de Bogotá José Celestino Mutis
_c1993
300 _a162 paginas
650 6 _aClaves taxonómicas
_93514
650 4 _aBarnadesieae
_946480
650 6 _aFlora de Colombia
_vBotánica
_947171
700 _aVélez Nauer, Cristina
_947172
942 _cLIBRO
_2ddc
999 _c767
_d767